000 00537nam a22001937a 4500
003 MPLRDC
005 20220104203038.0
008 210129b ||||| |||| 00| 0 eng d
020 _a978-957-33-3201-5
082 _a873.57 FRE-2
100 _a塔娜·法兰琪 TANA FRENCH
245 _a我知道谁杀了他
_c穆卓芸 译
250 _a初版
260 _a台湾
_b皇冠文化出版有限公司
_c2016
300 _b
520 _a新书上架 2018-07-16。
650 _a英国文学--小说
942 _cBK
_o873.57 FRE-2
999 _c67935
_d67925